Il mistero del dirito: I. del diritto e della sua conoscenza

Na minha lista:
Detalhes bibliográficos
Autor principal: Lo Castro, Gaetano (autor)
Formato: Livro
Idioma:Língua italiana
Publicado em: Turín Giappichelli 1997
Colecção:Collana di Studi di Diritto Canonico ed Eccleciastico
Assuntos:
Tags: Adicionar Tag
Sem tags, seja o primeiro a adicionar uma tag!

MARC

LEADER 00000nam a2200000 a 4500
001 UCR7272
003 CL-VaPUC
008 980514e19970000IT |||||||||||||||||ita|d
082 0 4 |a 340.11  |b LOC  |2 21 
100 |a Lo Castro, Gaetano  |e autor  |9 618953 
245 1 3 |a Il mistero del dirito: I. del diritto e della sua conoscenza 
300 |a 241 p 
942 |c BK 
945 |d 19980514 00:00:00  |a mvenant 
260 |a Turín  |b Giappichelli  |c 1997 
650 0 |a Filosofía del derecho   |9 255050 
650 7 |a DERECHO CANONICO  |2 CL-VaPUC  |9 408581 
650 0 |a Derecho natural   |9 255041 
650 0 |a Ciencias jurídicas  |9 348085 
583 |a last modification  |c 19980514 00:00:00  |k Rodrigo Vera 
490 0 |a Collana di Studi di Diritto Canonico ed Eccleciastico 
999 |c 269012  |d 269010 
952 |0 0  |1 0  |4 0  |6 340_110000000000000_LOC_1997  |7 0  |8 A  |9 302597  |a BIBDER  |b BIBDER  |d 2019-11-20  |i 3424979  |o 340.11 LOC 1997  |p 3424979  |r 2023-01-25  |w 2019-11-20  |y BK  |k DER